00617 2200205 4500001002100000005001700021008004100038020002200079035002400101082001300125090002300138100002500161245004300186250001100229260003400240300003600274650002700310700005300337990002100390YOGYA-0213000000050520130214074145.0 ind  a978-602-8864-69-5 0010-021300000000505 a962.0009 aDEP 962.0009 Muh S aMUHLASHON JALALUDDIN aShocking Egypt /cMuhlashon Jalaluddin aCet.1. aYogyakarta :bB-First,c2012. aviii, 152 hlm.;bilus.;c21 cm. aMesir-Tempat & Sejarah aII. Sophie Mou. III. Lisa Esti. Iv. Diki Sutanto aCB-D.112012-1434